| 000 | 00582nam a2200241Ia 4500 | ||
|---|---|---|---|
| 003 | 0100 | ||
| 008 | 130307s9999 xx 000 0 und d | ||
| 040 | _cARRUPELIB | ||
| 050 | _aJC143.M38 1952 | ||
| 100 | _aMachiavelli, Nicol‗ | ||
| 245 | 4 | _aThe Prince | |
| 245 | _bLiviathan | ||
| 260 | _aChicago | ||
| 260 | _bEncyclopedia Britannica | ||
| 260 | _c1952 | ||
| 300 | _a283p. | ||
| 300 | _b24cm. | ||
| 440 | _aGreat Books of the Western world no. 23 | ||
| 650 | _aPOLITICAL SCIENCE | ||
| 650 | _bPersonality -- Addresses | ||
| 700 | _aHobbes, Thomas | ||
| 942 | 0 | 0 | _02 |
| 999 |
_c95613 _d95613 |
||